000 02280nam0a2200385 i 4500
001 RU\NLR\BIBL_A\011134418
005 20240921114718.0
010 _a9785903180912
_9500
021 _aRU
_b2016-36577
_92350
035 _a(NILC)RuMoRGB-008475599
035 _a(NLR Aleph) 011134418
090 _a11586016
_c11586016
100 _a20160524d2015 u y0rusy50 ca
101 0 _arus
102 _aRU
105 _aa|||j|||000yy
200 1 _aВозделывание озимой ржи
_eучебное пособие
_eдля подготовки бакалавров по направлению 35.03.04 "Агрономия"
_fМихалев Е.В., Варламова Л.Д., Олонина С.И.
_gФедер. гос. бюджет. образоват. учреждение высш. образования Нижегор. гос. с.-х. акад.
210 _aНижний Новгород
_cНижегородская государственная сельскохозяйственная академия
_d2015
215 _a167 с.
_cил.
_d21
300 _aВ вып. дан. авт.: Михалев Е.В., проф., к.с.-х.н., Варламова Л.Д., проф., д.с.-х.н., Олонина С.И., доц., к.э.н.
320 _aБиблиогр.: с. 133-135 (32 назв.)
606 1 _aОзимая рожь
_jУчебные издания для высших учебных заведений
_xКультура
_92349292
_3RU\NLR\AUTH\661403670
606 1 _aОзимая рожь
_jУчебные издания для высших учебных заведений
_xПроизводство
_xЭкономическая эффективность
_yРоссийская Федерация
_92288600
_3RU\NLR\AUTH\6601598413
675 _a633.1
686 1 _aП212.4-4я73
686 1 _aУ32(2)515.151-07(2Р)я73
700 1 _aМихалев
_bЕ. В.
_gЕвгений Васильевич
701 1 _aВарламова
_bЛ. Д.
_gЛариса Дмитриевна
701 1 _aОлонина
_bС. И.
_f1973-
_gСветлана Игоревна
801 0 _aRU
_bРГБ
_c20160429
_gRCR
801 1 _aRU
_bРГБ
_c20160429
_2rusmarc
942 _cBOOK
980 _aNBR